<?xml version="1.0" encoding="UTF-8"?>
<record
    xmlns:xsi="http://www.w3.org/2001/XMLSchema-instance"
    xsi:schemaLocation="http://www.loc.gov/MARC21/slim http://www.loc.gov/standards/marcxml/schema/MARC21slim.xsd"
    xmlns="http://www.loc.gov/MARC21/slim">

  <leader>01670nam a2200385 a 4500</leader>
  <controlfield tag="003">CO-PeBPR</controlfield>
  <controlfield tag="005">20260504091024.0</controlfield>
  <controlfield tag="008">260415e2024 ck a|||| n||| 00| 0 spa c</controlfield>
  <datafield tag="020" ind1=" " ind2=" ">
    <subfield code="a">9789585084018</subfield>
  </datafield>
  <datafield tag="040" ind1="0" ind2=" ">
    <subfield code="a">CO-PeBPR</subfield>
    <subfield code="b">spa</subfield>
    <subfield code="c">CO-PeBPR</subfield>
    <subfield code="e">rda</subfield>
  </datafield>
  <datafield tag="041" ind1="0" ind2=" ">
    <subfield code="h">spa</subfield>
  </datafield>
  <datafield tag="082" ind1="0" ind2="4">
    <subfield code="a">628.162 C266c</subfield>
  </datafield>
  <datafield tag="100" ind1="1" ind2=" ">
    <subfield code="a">C&#xE1;rdenas Le&#xF3;n, Jorge Alonso</subfield>
    <subfield code="e">autor</subfield>
  </datafield>
  <datafield tag="245" ind1="1" ind2="0">
    <subfield code="a">Calidad de agua para estudiantes de ciencias ambientales</subfield>
    <subfield code="c">/ Jorge Alonso C&#xE1;rdenas Le&#xF3;n</subfield>
  </datafield>
  <datafield tag="250" ind1=" " ind2=" ">
    <subfield code="a">Edici&#xF3;n especial</subfield>
  </datafield>
  <datafield tag="264" ind1=" " ind2="1">
    <subfield code="a">Bogot&#xE1;, Colombia</subfield>
    <subfield code="b">: Universidad Distrital Francisco Jos&#xE9; de Caldas</subfield>
    <subfield code="c">, 2024</subfield>
  </datafield>
  <datafield tag="300" ind1=" " ind2=" ">
    <subfield code="a">387 p&#xE1;ginas</subfield>
    <subfield code="b">: ilustraciones, diagramas y fotograf&#xED;as en blanco y negro</subfield>
    <subfield code="c">; 24 cent&#xED;metros</subfield>
  </datafield>
  <datafield tag="336" ind1=" " ind2=" ">
    <subfield code="a">texto</subfield>
    <subfield code="b">txt</subfield>
    <subfield code="c">rdacontenido</subfield>
  </datafield>
  <datafield tag="337" ind1=" " ind2=" ">
    <subfield code="a">sin mediaci&#xF3;n</subfield>
    <subfield code="b">n</subfield>
    <subfield code="2">rdamedio</subfield>
  </datafield>
  <datafield tag="338" ind1=" " ind2=" ">
    <subfield code="a">volumen</subfield>
    <subfield code="b">nc</subfield>
    <subfield code="2">rdasoporte</subfield>
  </datafield>
  <datafield tag="490" ind1=" " ind2=" ">
    <subfield code="a">Plan Nacional de Lectura, Escritura y Oralidad / Ministerio de las Culturas, las Artes y los Saberes</subfield>
  </datafield>
  <datafield tag="504" ind1=" " ind2=" ">
    <subfield code="a">Incluye bibliograf&#xED;a.</subfield>
  </datafield>
  <datafield tag="520" ind1=" " ind2=" ">
    <subfield code="a">Es un producto acad&#xE9;mico h&#xED;brido entre texto universitario, manual de campo y gu&#xED;a de laboratorio, que recoge la experiencia del autor en las &#xE1;reas de calidad y tratamiento del agua para dirigirla a una poblaci&#xF3;n acad&#xE9;mica y profesional de diversas disciplinas en el campo ambiental.</subfield>
  </datafield>
  <datafield tag="650" ind1="1" ind2="4">
    <subfield code="2">LEMB</subfield>
    <subfield code="a">Calidad del Agua</subfield>
  </datafield>
  <datafield tag="650" ind1="1" ind2="4">
    <subfield code="2">LEMB</subfield>
    <subfield code="a">Ciclo del agua</subfield>
  </datafield>
  <datafield tag="650" ind1="1" ind2="4">
    <subfield code="2">LEMB</subfield>
    <subfield code="a">Contaminaci&#xF3;n del agua</subfield>
  </datafield>
  <datafield tag="650" ind1="1" ind2="4">
    <subfield code="2">LEMB</subfield>
    <subfield code="a">Agua Salada</subfield>
  </datafield>
  <datafield tag="650" ind1="1" ind2="4">
    <subfield code="2">LEMB</subfield>
    <subfield code="a">Purificaci&#xF3;n del agua</subfield>
  </datafield>
  <datafield tag="650" ind1="1" ind2="4">
    <subfield code="2">LEMB</subfield>
    <subfield code="a">An&#xE1;lisis Organol&#xE9;ptico</subfield>
  </datafield>
  <datafield tag="650" ind1="1" ind2="4">
    <subfield code="2">LEMB</subfield>
    <subfield code="a">Turbidez</subfield>
  </datafield>
  <datafield tag="650" ind1="1" ind2="4">
    <subfield code="2">LEMB</subfield>
    <subfield code="a">PH</subfield>
  </datafield>
  <datafield tag="650" ind1="1" ind2="4">
    <subfield code="2">LEMB</subfield>
    <subfield code="a">Conductividad El&#xE9;ctrica</subfield>
  </datafield>
  <datafield tag="650" ind1="1" ind2="4">
    <subfield code="2">LEMB</subfield>
    <subfield code="a">Alcalinidad</subfield>
  </datafield>
  <datafield tag="942" ind1=" " ind2=" ">
    <subfield code="2">ddc</subfield>
    <subfield code="c">BK</subfield>
  </datafield>
  <datafield tag="999" ind1=" " ind2=" ">
    <subfield code="c">17847</subfield>
    <subfield code="d">17847</subfield>
  </datafield>
  <datafield tag="952" ind1=" " ind2=" ">
    <subfield code="1">0</subfield>
    <subfield code="2">ddc</subfield>
    <subfield code="4">0</subfield>
    <subfield code="7">0</subfield>
    <subfield code="8">GEN</subfield>
    <subfield code="a">RIBPD</subfield>
    <subfield code="b">RIBPD</subfield>
    <subfield code="c">GEN</subfield>
    <subfield code="o">628.162 C266c</subfield>
    <subfield code="t">Ej.1</subfield>
    <subfield code="p">RIBPD16029</subfield>
    <subfield code="y">BK</subfield>
    <subfield code="d">2026-05-04</subfield>
    <subfield code="e">Dotaci&#xF3;n MinCultura y BNC</subfield>
    <subfield code="l">0</subfield>
    <subfield code="r">2026-05-04 09:12:23</subfield>
  </datafield>
  <datafield tag="952" ind1=" " ind2=" ">
    <subfield code="1">0</subfield>
    <subfield code="2">ddc</subfield>
    <subfield code="4">0</subfield>
    <subfield code="7">0</subfield>
    <subfield code="8">GEN</subfield>
    <subfield code="a">RISRCB</subfield>
    <subfield code="b">RISRCB</subfield>
    <subfield code="c">GEN</subfield>
    <subfield code="o">363.61 C17c</subfield>
    <subfield code="t">Ej.1</subfield>
    <subfield code="p">RISRCB 16029</subfield>
    <subfield code="y">BK</subfield>
    <subfield code="d">2026-05-11</subfield>
    <subfield code="e">Dotaci&#xF3;n Biblioteca Nacional de Colombia</subfield>
    <subfield code="l">0</subfield>
    <subfield code="r">2026-05-11 16:10:32</subfield>
  </datafield>
</record>
